Category manažment v mikroprostredí

Aplikácia franchisingu na Slovensku. Špecifiká regiónov pri centrálnom nákupe.

Enregistré dans:
Détails bibliographiques
Auteur principal: Bokorová, Jana
Format: Chapitre de livre
Langue:slovaque
Sujets:
Tags: Ajouter un tag
Pas de tags, Soyez le premier à ajouter un tag!

MARC

LEADER 00000naa a2200000 4500
001 r048504
005 20231004094407.5
041 0 |a slo 
044 |a SK 
245 1 0 |a Category manažment v mikroprostredí  |c Jana Bokorová 
520 |a Aplikácia franchisingu na Slovensku. Špecifiká regiónov pri centrálnom nákupe. 
610 2 0 |a franchising 
610 2 0 |a maloobchod 
610 2 0 |a reťazce obchodné 
100 1 |a Bokorová, Jana